South Eastern Kenya University

Library Online Public Access Catalogue


Technical drawing / (Record no. 1115)

MARC details
000 -LEADER
fixed length control field 00418pam a2200145 a 4500
020 ## - ISBN
International Standard Book Number 0023426004
050 00 - LIBRARY OF CONGRESS CALL NUMBER
Classification Number T353
Item Number .T43 1986
245 00 - TITLE
Title Technical drawing /
Statement of responsibility, etc Frederick E. Giesecke ... [et al.].
250 ## - EDITIONSTATEMENT
Edition statement 8th ed.
260 ## - PUBLICATION, DISTRIBUTION, ETC.(IMPRINT)
Place of publication, distribution, etc New York :
Name of publisher, distributor, etc Macmillan ;
Place of publication, distribution, etc London :
Name of publisher, distributor, etc Collier Macmillan Publishers,
Date of publication, distribution, etc c1986.
300 ## - PHYSICAL DESCRIPTION
Extent ix, 964 p. :
500 ## - GENERALNOTE
General note Includes index.
700 1# - ADDED ENTRY--PERSONAL AUTHOR
Personal Name Giesecke, Frederick E.
942 ## - ADDED ENTRY ELEMENTS(KOHA)
Koha item type General circulation
Holdings
Source of classification or shelving scheme Not for loan Location (home branch) Sublocation (holding branch) Date accessioned Cost, normal purchase price Full call number Barcode Cost, replacement price Koha item type Public note Shelving location
Library of Congress Classification   Main Campus Library Main Campus Library 15/08/2014 10628.79 T353 .T43 1986 2017/020510 15628.00 General circulation leo  
Library of Congress Classification   Main Campus Library Main Campus Library 10/11/2015 10628.79 T353 .T43 1986 2015/006397 15628.00 General circulation amm  
Kitui, Kenya.
+254736116989
library@seku.ac.ke